| 000 | 00572nam a2200181Ia 4500 | ||
|---|---|---|---|
| 008 | 220216s9999 xx 000 0 und d | ||
| 100 | _aGatos K G | ||
| 245 | 0 | _aEstimation of the vulcanization time for rubbers by considering their linear viscoelastic response assessed by a plate-plate rheometer | |
| 260 |
_bKautschuk Gummi Kunststoffe _c2004 |
||
| 300 | _a350-354 | ||
| 650 | _aCuring | ||
| 650 | _aLinear viscoelastic properties | ||
| 650 | _aPlate-plate rheometer | ||
| 650 | _aRubbers | ||
| 650 | _aVulcanization | ||
| 700 | _aKarger-Kocsis J | ||
| 942 | _cJS | ||
| 999 |
_c58841 _d58841 |
||